The general rule may not always be seen as appropriate (Record no. 77503)

MARC details
000 -LEADER
fixed length control field 00968cab a2200205 4500
001 - CONTROL NUMBER
control field ##L134394
008 - FIXED-LENGTH DATA ELEMENTS--GENERAL INFORMATION
fixed length control field 060802n2006 000 0 eng u
035 ## - SYSTEM CONTROL NUMBER
System control number (Sirsi) u134394
041 0# - LANGUAGE CODE
Language code of text/sound track or separate title eng
100 1# - MAIN ENTRY--PERSONAL NAME
Personal name Dale, Geoffrey
245 04 - TITLE STATEMENT
Title The general rule may not always be seen as appropriate
260 ## - PUBLICATION, DISTRIBUTION, ETC.
Date of publication, distribution, etc. 2006
490 #0 - SERIES STATEMENT
Series statement Estates Gazette
Volume/sequential designation (0630) 29 July 2006, 100(1)
520 ## - SUMMARY, ETC.
Summary, etc. Explains costs allocation in arbitration proceedings. Sets out the logical process stage by stage, from looking at the parties' submissions, through Calderbank offers, to near-miss contentions. Finally, considers the general rule that costs should follow the event and when this is inappropriate, the timing of the offers and periods of acceptance.
590 ## - LOCAL NOTE (RLIN)
Local note IKA010806
650 24 - SUBJECT ADDED ENTRY--TOPICAL TERM
Topical term or geographic name entry element CALDERBANK OFFERS
651 #4 - SUBJECT ADDED ENTRY--GEOGRAPHIC NAME
Geographic name England and Wales
Chronological subdivision 1543-
690 ## - LOCAL SUBJECT ADDED ENTRY--TOPICAL TERM (OCLC, RLIN)
Topical term or geographic name as entry element MANAGEMENT-DISPUTE AVOIDANCE, MANAGEMENT AND RESOLUTION-DISPUTE MANAGEMENT AND RESOLUTION-ARBITRATION
942 ## - ADDED ENTRY ELEMENTS (KOHA)
Suppress in OPAC 0
Holdings
Withdrawn status Lost status Source of classification or shelving scheme Damaged status Not for loan Home library Current library Shelving location Date acquired Total Checkouts Full call number Barcode Date last seen Copy number Price effective from Koha item type
    Dewey Decimal Classification     London London Journal article 02/08/2006   L134394 134394-1001 06/08/2019 1 06/08/2019 Journal article